000 00513nam a2200181Ia 4500
999 _c28438
_d28438
003 OSt
005 20201127153112.0
008 190216s9999||||xx |||||||||||||| ||und||
020 _a8130000520
040 _coclc
082 _a920
_bNAI/K
100 _aNair, S Gupthan
_96688
245 0 _aKranthadarsikal /
_cS Gupthan Nair
260 _bPoorna Publicatkion,
_a Kozhikode;
_c1958.
300 _a104p
650 _aMalayalam Essays-Padanam
942 _cBK
_2ddc
_h920
_iNAI/K
_k920
_mNAI/K